000 01094nam2a2200241 4500
001 rc\3042523
005 20260315065638.0
035 _a(NLR Aleph) 007182639
090 _a13623325
_c13623325
100 _a20111006d1936 u y0rusy50 ca
101 0 _arus
102 _aRU
105 _ay z |||||
200 1 _aУправление маневрами корабля в море
210 _d1936
461 0 _1001rc\3042520
_12001#$aˆ[‰Издания]$e№ 25-$fВоен.-мор. акад. РККА им. т. Ворошилова. Науч.-пер. бюро$v№ 33
_97457160
_aВоенно-морская академия им. К. Е. Ворошилова (Ленинград). Научно-переводное бюро
_cЛенинград
_d1936
_fВоен.-мор. акад. РККА им. т. Ворошилова. Науч.-пер. бюро
_nБ. и.
_o№ 25-
_tˆ[‰Издания]
_v№ 33
700 1 _aГладиш
_bД.
701 1 _aШульце-Хинрикс
801 0 _aRU
_bNLR
_gpsbo
801 1 _aRU
_bELAR
_2rusmarc
852 _aNLR
_j36-19/138
942 _cUNSPEC
980 _aNB